书目信息 |
| 题名: |
汽轮发电机及电气设备
|
|
| 作者: | 涂光瑜 主编 | |
| 分册: | 第三分册 | |
| 出版信息: | 北京 中国电力出版社 2007.06 |
|
| 页数: | 592页 | |
| 开本: | 26cm | |
| 丛书名: | 300MW火力发电机组丛书 | |
| 单 册: | ||
| 中图分类: | TM311 | |
| 科图分类: | ||
| 主题词: | 汽轮电机组--qi lun dian ji zu--电气设备 | |
| 电子资源: | ||
| ISBN: | 978-7-5083-5035-6 | |
| 000 | 01053nam 2200277 450 | |
| 001 | 012008661342 | |
| 005 | 20080610165228.75 | |
| 010 | @a978-7-5083-5035-6@dCNY58.00 | |
| 100 | @a20080610d2007 em y0chiy0120 ea | |
| 101 | 0 | @achi |
| 102 | @aCN@b110000 | |
| 105 | @aak a 000yy | |
| 106 | @ar | |
| 200 | 1 | @a汽轮发电机及电气设备@Aqi lun fa dian ji ji dian qi she bei@h第三分册@f涂光瑜主编@Ftu guang yu zhu bian |
| 205 | @a第2版 | |
| 210 | @a北京@c中国电力出版社@d2007.06 | |
| 215 | @a592页@c图@d26cm | |
| 225 | 2 | @a300MW火力发电机组丛书@A300MW huo li fa dian ji zu cong shu |
| 320 | @a有书目 (第592页) | |
| 330 | @a本书系统地介绍了300MW汽轮发电机及电气设备和系统的原理、结构、特性以及运行、维护、调试等技术,主要内容包括汽轮发电机本体、励磁系统、电气一次系统及设备、继电保护配置及设备,电气设备调整试验。 | |
| 410 | 0 | @12001 @a300MW火力发电机组丛书 |
| 606 | 0 | @a汽轮电机组@Aqi lun dian ji zu@x电气设备 |
| 690 | @aTM311@v4 | |
| 701 | 0 | @a涂光瑜@Atu guang yu@4主编 |
| 801 | 0 | @aCN@bQSSK@c20080610 |
| 905 | @b725486-87@dTM311@eT904:3@f2 | |
| 汽轮发电机及电气设备.第三分册/涂光瑜主编.-第2版.-北京:中国电力出版社,2007.06 |
| 592页:图;26cm.-(300MW火力发电机组丛书) |
| ISBN 978-7-5083-5035-6:CNY58.00 |
| 本书系统地介绍了300MW汽轮发电机及电气设备和系统的原理、结构、特性以及运行、维护、调试等技术,主要内容包括汽轮发电机本体、励磁系统、电气一次系统及设备、继电保护配置及设备,电气设备调整试验。 |
| ● |
| 相关链接 |
|
|
|
正题名:汽轮发电机及电气设备
索取号:TM311/T904:3
 
预约/预借
| 序号 | 登录号 | 条形码 | 馆藏地/架位号 | 状态 | 备注 |
| 1 | 725486 | 207254861 | 自科库301/301自科库 11排2列4层/ [索取号:TM311/T904:3] | 在馆 | |
| 2 | 725487 | 207254870 | 自科库301/301自科库 11排2列4层/ [索取号:TM311/T904:3] | 在馆 |